Discurso leido por ... Raimundo Fernández Villaverde ... en la solemne apertura de los tribunales celebrada en 15 de septiembre de 1890. (Record no. 53970)

MARC details
000 -LEADER
campo de control de longitud fija 00732nam a22001935i 4500
001 - NÚMERO DE CONTROL
campo de control 53970
003 - IDENTIFICADOR DE NÚMERO DE CONTROL
campo de control ES-MaACL
005 - FECHA Y HORA DE LA ÚLTIMA TRANSACCIÓN
campo de control 20250907063043.0
007 - CAMPO FIJO DE DESCRIPCIÓN FÍSICA--INFORMACIÓN GENERAL
campo de control de longitud fija t|
008 - DATOS DE LONGITUD FIJA--INFORMACIÓN GENERAL
campo de control de longitud fija 960710s1890 sp ||||1| spa d
040 ## - FUENTE DE CATALOGACIÓN
Centro catalogador/agencia de origen CAM
Lengua de catalogación spa
Centro/agencia transcriptor CAM
100 1# - ENTRADA PRINCIPAL--NOMBRE DE PERSONA
Nombre de persona Fernández Villaverde, Raimundo,
Fechas asociadas al nombre 1848-1905
9 (RLIN) 50163
245 10 - MENCIÓN DEL TÍTULO
Título Discurso leido por ... Raimundo Fernández Villaverde ... en la solemne apertura de los tribunales celebrada en 15 de septiembre de 1890.
260 ## - PUBLICACIÓN, DISTRIBUCIÓN, ETC.
Lugar de publicación, distribución, etc. Madrid :
Nombre del editor, distribuidor, etc. [s.n.],
Fecha de publicación, distribución, etc. 1890 (
Fabricante Imprenta del Ministerio de Gracia y Justicia)
300 ## - DESCRIPCIÓN FÍSICA
Extensión 46 p. ;
Dimensiones 24 cm.
710 1# - ENTRADA AGREGADA--NOMBRE DE ENTIDAD CORPORATIVA
Nombre de entidad corporativa o nombre de jurisdicción como elemento de entrada España.
Unidad subordinada Ministerio de Gracia y Justicia.
9 (RLIN) 3873
852 ## - LOCALIZACIÓN
Ubicación ES-MaACL
Número de control de estantería L-4912(20-4)
Nota libre .- Donativo Roda
Holdings
Estatus retirado Estado de pérdida Estado de daño No para préstamo Colección Biblioteca de origen Biblioteca actual Ubicación en estantería Fecha de adquisición Fuente de adquisición Total de préstamos Signatura topográfica completa Código de barras Visto por última vez Precio de reemplazo Tipo de ítem Koha
        Libros del s. XIX Biblioteca del Ateneo de Madrid Biblioteca del Ateneo de Madrid Depósito 2 17/01/2008     L-4912(20-4) 1056721 23/02/2023 23/02/2023 Libro impreso antiguo